Técnica de quirófano / (Registro nro. 20299)
[ vista simple ]
| 000 -CABECERA | |
|---|---|
| campo de control de longitud fija | 00574nam a2200181 a 4500 |
| 001 - NÚMERO DE CONTROL | |
| campo de control | 000020795 |
| 005 - FECHA Y HORA DE LA ÚLTIMA TRANSACCIÓN | |
| campo de control | 20200930011152.0 |
| 008 - DATOS DE LONGITUD FIJA--INFORMACIÓN GENERAL | |
| campo de control de longitud fija | 100817s1967 mx a 000 0 spa d |
| 040 ## - FUENTE DE LA CATALOGACIÓN | |
| Centro catalogador/agencia de origen | DO-SdBNP |
| Lengua de catalogación | spa |
| Centro/agencia transcriptor | BPJMB |
| 082 ## - NÚMERO DE LA CLASIFICACIÓN DECIMAL DEWEY | |
| Número de clasificación | 617.9 |
| Número de documento/Ítem | P153t |
| 100 1# - ENTRADA PRINCIPAL--NOMBRE DE PERSONA | |
| Nombre de persona | Palacio Gómez, Alberto. |
| 9 (RLIN) | 43581 |
| 245 10 - MENCIÓN DE TÍTULO | |
| Título | Técnica de quirófano / |
| Mención de responsabilidad, etc. | ALberto Palacio Gómez. |
| 260 ## - PUBLICACIÓN, DISTRIBUCIÓN, ETC. | |
| Lugar de publicación, distribución, etc. | México : |
| Nombre del editor, distribuidor, etc. | Editorial Interamericana, |
| Fecha de publicación, distribución, etc. | 1967. |
| 300 ## - DESCRIPCIÓN FÍSICA | |
| Extensión | 104 p. : |
| Otras características físicas | il. ; |
| Dimensiones | 23 cm. |
| 650 #4 - PUNTO DE ACCESO ADICIONAL DE MATERIA--TÉRMINO DE MATERIA | |
| Término de materia o nombre geográfico como elemento de entrada | Operaciones quirúrjicas |
| 9 (RLIN) | 43582 |
| 650 #4 - PUNTO DE ACCESO ADICIONAL DE MATERIA--TÉRMINO DE MATERIA | |
| Término de materia o nombre geográfico como elemento de entrada | Cirugía operatoria |
| 9 (RLIN) | 43583 |
| 650 #4 - PUNTO DE ACCESO ADICIONAL DE MATERIA--TÉRMINO DE MATERIA | |
| Término de materia o nombre geográfico como elemento de entrada | Asepsia y antisepsia |
| 9 (RLIN) | 43584 |
No hay ítems disponibles.
